Statistics for Everton FC Squad 2019-20

Click here to take the quiz!

General Stats

  • This quiz has been taken 8 times
  • The average score is 17 of 28

Answer Stats

Squad NumberPositionNationalityPlayer% Correct
12LBFrenchLucas Digne
100%
7LWBrazilianRicharlison
100%
-ManagerItalianCarlo Ancelotti
88%
9CFEnglishDominic Calvert-Lewin
88%
10AMIcelandicGylfi Sigurðsson
88%
1GKEnglishJordan Pickford
88%
3LBEnglishLeighton Baines
88%
27FWItalianMoise Kean
88%
13CBColombianYerry Mina
88%
14FWTurkishCenk Tosun
75%
18DMFrenchMorgan Schneiderlin
75%
23RBIrishSéamus Coleman
75%
26CMEnglishTom Davies
75%
21CMPortugueseAndré Gomes
63%
20LWBrazilianBernard
63%
19RBFrenchDjibril Sidibé
63%
22GKDutchMaarten Stekelenburg
63%
30CBCuraçaoanCuco Martina
50%
5CBEnglishMichael Keane
50%
29FWSenegaleseOumar Niasse
50%
17FWNigerianAlex Iwobi
38%
2CBEnglishMason Holgate
38%
11FWEnglishTheo Walcott
38%
25DMIvorianJean-Philippe Gbamin
25%
42FWEnglishAnthony Gordon
13%
34CMCongoleseBeni Baningime
0%
35CMEnglishDennis Adeniran
0%
8CMEnglishFabian Delph
0%

Score Distribution

Percentile by Number Answered

Percent of People with Each Score

Your Score History

You have not taken this quiz